| 000 | 00805nas a2200265 4500 | ||
|---|---|---|---|
| 001 | BR2010002268 | ||
| 003 | BR-BrBNA | ||
| 005 | 20231205114230.0 | ||
| 007 | ta | ||
| 008 | 230509b bl.|||p| |||| 00| 00por d | ||
| 040 |
_aBR-BrBNA _bpor _cBiblioteca Nacional de Agricultura |
||
| 041 | _a(Pt) | ||
| 072 | _aF02 | ||
| 100 | 1 | _aJesus, A.M.S. | |
| 100 | 1 | _aCarvalho, S.P. de | |
| 100 | 1 | _aCastro, E.M. de | |
| 100 | 1 | _aGomes, C.N. | |
| 245 | 1 | _aObservações anatômicas em plantas de Coffea arabica L.obtidas por enraizamento de estacas | |
| 650 | _aCAFÉ | ||
| 650 | _aENRAIZAMENTO DE ESTACA | ||
| 650 | _aCLONAGEM | ||
| 773 | 0 |
_tRevista Ceres (Brazil) _xISSN 0034-737X _g(Mar-Apr 2010), v. 57(2) p. 175-180 _wBR2010002268 |
|
| 909 |
_a202311 _bLúcia _c55 _dLúcia Elande |
||
| 942 |
_2AGRIS _n0 _cANA |
||
| 999 |
_c207730 _d207730 |
||